000
00228nam a22000857a 4500
008
250821b ||||| |||| 00| 0 eng d
100
_a
Shaver, James W
245
_a
Stamp Collecting
650
_a
Merit Badge Series|Boy Scouts of America
999
_c
3671
_d
3671